| 000 | 00761cam a22002534a 4500 | ||
|---|---|---|---|
| 001 | 14945925 | ||
| 005 | 20201128020948.0 | ||
| 008 | 070730s2005 nyua b 001 0 eng | ||
| 010 | _a 2007278594 | ||
| 020 | _a0743287932 (pbk.) | ||
| 020 | _a9780743287937 (pbk.) | ||
| 082 |
_222 _a158 _bCOV |
||
| 100 | 1 |
_aCovey, Stephen R. _91038 |
|
| 245 | 1 | 4 |
_aThe 8th Habit : _bFrom Effectiveness to Greatness / _cStephen R. Covey. |
| 246 | 3 | _aEighth habit | |
| 250 | _a1st Free Press trade pbk. ed. | ||
| 260 |
_aNew York : _bFree Press, _c2005. |
||
| 300 |
_axvi, 409 p. : _bill. ; _c22 cm. |
||
| 650 | 0 |
_aSelf-actualization (Psychology) _933017 |
|
| 650 | 0 |
_aSuccess. _933018 |
|
| 650 | 0 |
_aSatisfaction. _96087 |
|
| 650 | 0 |
_aVocation. _933019 |
|
| 942 |
_2ddc _cBB |
||
| 999 |
_c17414 _d17386 |
||